[Event "IND-chT 31st"]
[Site "Cochin"]
[Date "2011.02.23"]
[Round "2"]
[White "Sharma, Dinesh Kumar"]
[Black "Jayesh, Ramanuj"]
[Result "1-0"]
[WhiteElo "2365"]
[BlackElo "1943"]
[PlyCount "31"]
[EventDate "2011.02.22"]
[EventType "team-swiss"]
[EventRounds "9"]
[EventCountry "IND"]
[SourceTitle "CBM 141 Extra"]
[Source "ChessBase"]
[SourceDate "2011.05.03"]
[SourceVersion "1"]
[SourceVersionDate "2011.05.03"]
[SourceQuality "1"]
[WhiteTeam "LIC of India"]
[BlackTeam "Fischer Gujarat"]
[WhiteTeamCountry "IND"]
[BlackTeamCountry "IND"]

1. e4 c5 2. Nf3 d6 3. d4 cxd4 4. Nxd4 Nf6 5. Nc3 g6 6. Bg5 Bg7 7. Bb5+ Bd7 8. Qe2 Nc6 9. 0-0-0 Nxd4 10. Rxd4 Qa5 11. Bxf6 Bxf6 12. Bxd7+ Kxd7 13. Rd5 Qb6 14. e5 Bg7 15. Rhd1 Rhe8 16. Qf3 1-0